| 000 -LEADER |
| fixed length control field |
00633cam a2200205 a 4500 |
| 020 ## - INTERNATIONAL STANDARD BOOK NUMBER |
| ISBN |
0072829362 |
| 040 ## - CATALOGING SOURCE |
| Transcribing agency |
VVX |
| 082 00 - DEWEY DECIMAL CLASSIFICATION NUMBER |
| Classification number |
332 MCG 2003 A076 Or. |
| 100 1# - MAIN ENTRY--AUTHOR NAME |
| Personal name |
Crabb, Peter R. |
| 245 10 - TITLE STATEMENT |
| Title |
Finance and investments using the Wall Street Journal / |
| 260 ## - PUBLICATION, DISTRIBUTION, ETC. (IMPRINT) |
| Place of publication |
Boston : |
| Name of publisher |
McGraw-Hill/Irwin, |
| Year of publication |
c2003. |
| 300 ## - PHYSICAL DESCRIPTION |
| Number of Pages |
vi, 402 p. |
| Other physical details |
ill. ; |
| Dimensions |
26 cm. |
| 650 #0 - SUBJECT ADDED ENTRY--TOPICAL TERM |
| Topical Term |
Finance. |
| 650 #0 - SUBJECT ADDED ENTRY--TOPICAL TERM |
| Topical Term |
Investments. |
| 650 #0 - SUBJECT ADDED ENTRY--TOPICAL TERM |
| Topical Term |
Stock exchanges. |
| 710 2# - ADDED ENTRY--CORPORATE NAME |
| Corporate name or jurisdiction name as entry element |
Wall Street Journal (Firm) |
| 856 42 - ELECTRONIC LOCATION AND ACCESS |
| Uniform Resource Identifier |
http://www.loc.gov/catdir/description/mh031/2003535497.html |
| 856 41 - ELECTRONIC LOCATION AND ACCESS |
| Uniform Resource Identifier |
http://www.loc.gov/catdir/toc/mh031/2003535497.html |
| 942 ## - ADDED ENTRY ELEMENTS (KOHA) |
| Koha item type |
សៀវភៅភាសាអង់គ្លេស |
| 952 ## - LOCATION AND ITEM INFORMATION (KOHA) |
| Withdrawn status [LOCAL, KOHA] |
0 |